000 01149nas a2200325 4500
001 BR2013004561
003 BR-BrBNA
005 20231205122438.0
007 ta
008 230509b bl.|||p| |||| 00| 00por d
040 _aBR-BrBNA
_bpor
_cBiblioteca Nacional de Agricultura
041 _a(Pt)
072 _aL70
100 1 _aMarques, J.A.
100 1 _aPereira, D.A.
100 1 _aMarques, I.C.S.
100 1 _a
100 1 _a
100 1 _a
245 1 _aAssociação entre midazolam e detomidina na medicação pré-anestésica para indução da anestesia geral com cetamina em potros
246 1 _aA combination study of midazolam and detomidine in the premedication anesthesia for the induction of general anesthesia with ketamine in foals
650 _aPOTRO
650 _aMEDICAMENTO
650 _aANESTESIA
650 _aVETERINÁRIA
773 0 _tArquivo Brasileiro de Medicina Veterinária e Zootecnia (Brazil)
_xISSN 0102-0935
_g(Dec 2009), v. 61(6) p. 1290-1296
_wBR2013004561
856 4 0 _uhttp://www.scielo.br/pdf/abmvz/v61n6/v61n6a06.pdf
909 _a202311
_bLúcia
_c55
_dLúcia Elande
942 _2AGRIS
_n0
_cANA
999 _c228686
_d228686